Statistics for US States that include the letter K in 1 minute

Click here to take the quiz!

General Stats

  • This quiz has been taken 24 times
  • The average score is 8 of 9

Answer Stats

Answer% Correct
3Kansas
95%
4Kentucky
95%
1Alaska
90%
2Arkansas
90%
7North Dakota
90%
9South Dakota
90%
6New York
80%
8Oklahoma
65%
5Nebraska
55%

Score Distribution

Percentile by Number Answered

Percent of People with Each Score

Your Score History

You have not taken this quiz